Test de rapidité en deux lettres. - Statistiques

Statistiques générales
  • Ce quiz a été pris 1 803 fois
  • Le résultat moyen est 70 sur 200
Statistiques - réponses
Réponse % Correct
A
100%
Z
87%
A
83%
A
82%
Z
82%
Z
80%
A
78%
Z
78%
A
77%
A
75%
A
75%
A
75%
Z
75%
Z
75%
Z
75%
Z
74%
A
73%
A
73%
A
73%
Z
73%
Z
73%
A
72%
Z
72%
Z
72%
A
71%
A
71%
Z
71%
Z
70%
A
69%
A
69%
Z
69%
Z
69%
A
68%
A
68%
Z
68%
A
67%
Z
67%
A
66%
Z
66%
Z
65%
A
64%
A
64%
Z
64%
A
63%
Z
63%
Z
63%
A
62%
Z
62%
A
61%
A
61%
Z
61%
A
60%
Z
60%
A
59%
Z
59%
A
58%
Z
58%
A
57%
A
57%
Z
57%
Z
57%
Z
56%
A
55%
A
55%
Z
55%
A
54%
Z
54%
A
53%
Z
53%
Z
52%
A
51%
A
49%
Z
49%
Z
48%
A
47%
A
46%
Z
46%
Z
46%
A
45%
Z
45%
A
44%
A
44%
Z
44%
Z
44%
A
43%
A
42%
Z
42%
A
40%
Z
40%
Z
40%
A
39%
Z
39%
A
38%
Z
38%
A
37%
Z
37%
A
36%
A
35%
Z
35%
Z
34%
A
33%
Z
33%
A
32%
A
31%
Z
31%
A
30%
Z
30%
Z
29%
A
28%
Z
28%
A
27%
Z
27%
A
26%
A
25%
Z
25%
Z
24%
A
23%
Z
22%
A
21%
A
21%
Z
21%
A
20%
Z
20%
A
19%
Z
19%
A
18%
Z
18%
A
17%
A
17%
Z
17%
Z
17%
Z
17%
A
16%
A
15%
Z
15%
Z
15%
A
14%
A
12%
A
12%
Z
12%
Z
12%
Z
11%
A
10%
A
10%
Z
10%
Z
10%
A
9%
A
8%
Z
8%
Z
8%
A
7%
Z
7%
A
6%
Z
6%
A
5%
A
5%
Z
5%
A
4%
Z
4%
A
3%
A
3%
A
3%
A
3%
Z
3%
Z
3%
Z
3%
Z
3%
Z
3%
A
2%
A
2%
A
2%
Z
2%
Z
2%
A
1%
A
1%
A
1%
A
1%
A
1%
A
1%
Z
1%
Z
1%
Z
1%
Z
1%
Z
1%
Z
1%
Z
1%
A
0%
A
0%
A
0%
A
0%
A
0%
A
0%
A
0%
Z
0%
Z
0%
Z
0%
Z
0%
Z
0%
Z
0%
Z
0%
Aucun quiz correspondant
Distribution des résultats
% des personnes avec chaque résultat
Percentile par nombre de réponses
Votre historique - résultats
Vous n’avez pas pris ce quiz